| 000 | 00659nam a2200181 i 4500 | ||
|---|---|---|---|
| 001 | 152707 | ||
| 003 | ES-MaACL | ||
| 005 | 20230911063143.0 | ||
| 008 | 931025s1856 sp c |||| | spa d | ||
| 080 | _a821.134.2-14"18" | ||
| 100 | 1 |
_aBretón de los Herreros, Manuel, _d1796-1873 _931637 |
|
| 245 | 1 | 3 |
_aLa desvergüenza _b: poema joco-serio / _cde Manuel Breton de los Herreros. |
| 260 |
_aMadrid : _b[s.n.], _c1856 ( _fEstablecimiento Tipográfico de Mellado) |
||
| 300 |
_a300 p., [1] h. de grab. ; _c23 cm. |
||
| 599 | 1 | _aLa h. de grab. calc. es el retrato del autor. | |
| 852 |
_aES-MaACL _jG-9797 _z-- Enc. hol. |
||
| 999 |
_c152707 _d152707 |
||